000 00598nam a2200229Ia 4500
003 OSt
005 20220927105151.0
006 a|||||r|||| 00| 0
007 ta
008 220926b |||||||| |||| 00| 0 eng d
024 _a168857
037 _cReference Collections
040 _aRTL
_cRTL
_beng
041 _2eng
_aeng
082 _a"X:(B), N0"
100 _aLancaster Tony
_9370648
245 0 _aEconometric analysis of transition data
260 _aU.S.A.
_c1990
300 _a352p
_ccm.
942 _h"X:(B), N0"
_cCC
999 _c690988
_d690988